| 000 | 00344 a2200109 4500 | ||
|---|---|---|---|
| 001 | ART_11299 | ||
| 005 | 20260410161856.0 | ||
| 008 | 260409a | ||
| 245 | 1 | 0 | _aLa crisis energética internacional y la política nacional |
| 100 | 1 | _aVisintini, Alfredo | |
| 773 | 0 |
_tRevista de Economía _g- Nº 29 (ene./sep. 1981) _wREV11077 |
|
| 999 |
_c25442 _d25442 |
||